|
|
|
|
| LEADER |
00000nam a2200000 a 4500 |
| 001 |
vtls001474329 |
| 003 |
SK-MaSNL |
| 005 |
20260302073533.0 |
| 008 |
240315s2002 US ab 0 eng |
| 020 |
|
|
|a 0716738414
|
| 035 |
|
|
|a SNK000429630
|
| 040 |
|
|
|a SNK
|b slo
|c SNK
|e AACR2
|
| 044 |
|
|
|a US
|
| 072 |
|
7 |
|a 913
|2 konspekt
|
| 080 |
|
|
|a 913
|2 1981
|
| 080 |
|
|
|a 913(100)
|2 1981
|
| 080 |
|
|
|a (035)
|2 1981
|
| 100 |
1 |
|
|a Pulsipher, Lydia Mihelič
|4 aut
|9 738082
|
| 245 |
1 |
|
|a World regional geography
|b global patterns, local lives
|c Lydia Mihelič Pulsipher, Alex A. Pulsipher
|
| 250 |
|
|
|a 2nd ed.
|
| 260 |
|
|
|a New York
|b W. H. Freeman and Company
|c c2002
|
| 300 |
|
|
|a xxiv, 601 s.
|b ilustr.
|c 28 cm
|e 1 CD
|
| 650 |
0 |
7 |
|a regionálna geografia
|2 SNKPH
|9 822
|
| 650 |
0 |
7 |
|a reálie
|2 SNKPH
|9 3876
|
| 651 |
|
7 |
|a krajiny sveta
|2 SNKPHgeo
|9 253334
|
| 655 |
|
7 |
|a príručky
|2 SNK
|9 74364
|
| 655 |
|
7 |
|a príručky
|2 SNK
|9 74364
|
| 700 |
1 |
|
|a Pulsipher, Alex A.
|4 aut
|9 738083
|
| 919 |
|
|
|a 0-7167-3841-4
|
| 999 |
|
|
|c 1161230
|d 1163160
|
| 952 |
|
|
|a SNK
|b SNK
|y VYP
|7 0
|p 17A0428003
|o snkIB 70674
|i snkK 1484/2003
|g 100.05
|0 0
|1 0
|4 0
|d 2004-05-04
|l 0
|r 2005-01-02 00:00:00
|w 2026-02-24
|
| 952 |
|
|
|a SNK
|b SNK
|y PREZ
|7 0
|p 17A0428004
|o snkIB 70674/príl.
|i snkK 1484/2003
|g 100.05
|0 0
|1 0
|4 0
|d 2004-05-04
|l 0
|r 2005-01-02 00:00:00
|w 2026-02-24
|